000 00783nam a2200253Ia 4500
001 dia_205
003 CHAP
005 20221207131845.0
008 220117s1979 xx 000 0 und d
010 _a170633
040 _cCHAP
082 _a333.0972 F47 1979
100 _aFernández y Fernández, Ramón
_940322
245 _aLa situación actual en materia agraria /
_c Ramón Fernández y Fernández
260 _aMéxico :
_b Colegio de Posgraduados, Centro de Economía Agrícola,
_c1979
300 _a244 p.
503 _aC/e
504 _aBibliografía: p. 231-236
650 _a1.Tierra
_xTenencia
_xMéxico
_9147563
901 _a333.0972 F47 1979
902 _aM
905 _a0000001979 MX an 0000000000SPA00
942 _cLIBRO
_2ddc
999 _c170633
_d170633